000 00372nam a22001577a 4500
005 20200527104600.0
008 200527b xxu||||| |||| 00| 0 eng d
041 _aeng
082 _a340
100 _aBARE ACT
_95744
245 _aTHE JUVENILE JUSTICE ACT, 2015
260 _aDELHI
_bPROFEESIONALS BOOK PUBLISHERS
300 _a85;p
650 _aLAW
_95701
942 _cBK
999 _c6531
_d6529